000 00430nam a2200157Ia 4500
005 20250624020035.0
008 240331s9999 xx 000 0 und d
020 _a9559553305
082 _bAND
_a335
100 _aAndradi,T
245 0 _aKollakari danawadayata erehiwa maxswadaya
260 _aMoratuwa
_bKumari Printers
_c1993
300 _a447 p .,
500 _aA comparative historical analysis - Against Marxism
942 _cL
999 _c5044
_d5044